NCAA CFB Playoff Teams If It Was 12 Teams - Statistics

General Stats
  • This quiz has been taken 455 times
    328 since last reset
  • The average score is 32 of 43
Answer Stats
Years Team % Correct
2014, 2015, 2016, 2017, 2018, 2020, 2021, 2022, 2023 Alabama
99%
2016, 2018, 2021, 2022, 2023 Michigan
98%
2017, 2018, 2019, 2020, 2021, 2022, 2023, 2024 Georgia
97%
2014, 2015, 2016, 2017, 2018, 2019, 2020, 2021, 2022, 2023, 2024 Ohio State
97%
2014, 2019, 2023, 2024 Oregon
97%
2023, 2024 Texas
96%
2015, 2016, 2017, 2018, 2019, 2020, 2022, 2024 Clemson
94%
2016, 2017, 2018, 2022, 2023 Washington
93%
2014, 2015, 2016, 2023 Florida State
92%
2018, 2019 LSU
91%
2015, 2018, 2020, 2021, 2024 Notre Dame
90%
2016, 2017, 2018, 2019, 2022, 2023, 2024 Penn State
90%
2014, 2024 Boise State
88%
2018, 2019, 2020 Florida
88%
2015, 2016, 2017, 2018, 2019, 2020, 2023 Oklahoma
88%
2014 Arizona
85%
2020, 2024 Indiana
84%
2014, 2015, 2022 TCU
83%
2022, 2024 Tennessee
83%
2016, 2017, 2022 USC
83%
2024 Arizona State
82%
2014, 2015, 2021 Michigan State
78%
2014, 2015, 2021, 2023 Ole Miss
77%
2024 SMU
77%
2020 Texas A&M
76%
2017 Miami (FL)
75%
2017, 2019 Auburn
70%
2020, 2021 Cincinnati
69%
2015 Iowa
67%
2019, 2021, 2022 Utah
61%
2015 North Carolina
60%
2016, 2021 Oklahoma State
60%
2014, 2019, 2021 Baylor
58%
2020 Iowa State
58%
2016, 2017, 2019 Wisconsin
57%
2014, 2022 Kansas State
54%
2017, 2018 UCF
54%
2016 Colorado
53%
2023 Missouri
51%
2014 Mississippi State
49%
2021 Pittsburgh
49%
2015 Stanford
46%
2020 Coastal Carolina
13%
No matching quizzes found
Score Distribution
Percent of People with Each Score
Percentile by Number Answered
Your Score History
You have not taken this quiz since the last reset